Vista normal
Vista MARC
Entrada Materia (personas)
Número de registros utilizados en: 1
001 - CONTROL NUMBER
- control field: 77511
003 - CONTROL NUMBER IDENTIFIER
- control field: Co-BoUCM
005 - DATE AND TIME OF LATEST TRANSACTION
- control field: 20160602094345.0
008 - FIXED-LENGTH DATA ELEMENTS
- fixed length control field: 160602|| aca||aabn | a|a d
040 ## - CATALOGING SOURCE
- Original cataloging agency: Co-BoUCM
- Transcribing agency: Co-BoUCM
100 ## - HEADING--PERSONAL NAME
- Personal name: Andermann, Anne
- Dates associated with a name: 1972-
670 ## - SOURCE DATA FOUND
- Source citation: Work cat.: (Co-BoUCM)303459: Andermann, Anne 1972-, Evidence for health , 2013